The art of conducting.

Bibliographic Details
Main Author: Bowles, Michael, 1909-1998
Format: Book
Language:English
Published: Garden City, N.Y. : Doubleday, 1959.
Edition:[1st ed.].
Subjects:

MARC

Tag First Indicator Second Indicator Subfields
LEADER 00000cam a2200000 4500
001 in00000030600
005 20151007061647.0
008 740923s1959 nyu 00000 eng u
010 |a  59008258  
035 |a (OCoLC)01018495 
035 |9 AAD2698AM 
040 |c ITD  |d TXA  |d UtOrBLW 
049 |a TXAM  |c [308566] 
050 0 0 |a MT85  |b .B73 
092 |a 781.63  |b B787a 
100 1 |a Bowles, Michael,  |d 1909-1998. 
245 1 4 |a The art of conducting. 
250 |a [1st ed.]. 
264 1 |a Garden City, N.Y. :  |b Doubleday,  |c 1959. 
300 |a 210 pages ;  |c 22 cm. 
336 |a text  |b txt  |2 rdacontent 
337 |a unmediated  |b n  |2 rdamedia 
338 |a volume  |b nc  |2 rdacarrier 
650 0 |a Conducting. 
999 |a MARS 
999 f f |s b51ae744-a234-392e-acb7-f1bd350bcf9c  |i b951b7ef-a613-375c-9eaf-414ca8cbd72e  |t 0 
952 f f |p ric  |a Texas A&M University  |b Rellis Campus  |c Joint Library Facility  |d Remote Storage  |t 0  |e MT85 .B73  |h Library of Congress classification  |i unmediated -- volume  |m A14801169896 
998 f f |a MT85 .B73  |t 0  |l Remote Storage